• 首页
  • 本馆介绍
  • 公告通知
  • 最新文献
  • 馆藏检索
  • 电子资源
  • 读者导购
  • 参考咨询
  • 我的图书馆
  • 登录
  • 详细信息显示
  • 放入我的书架
  • 预约/预借图书
  • 作者相关作品
  • 分类相关作品
  • 丛书相关作品
  • 出版社相关作品

书目信息

  • 表格格式
  • 工作单格式
  • 卡片格式
题名:
品牌管理实战
    
 
作者: 常白 , 王骊棠 编著
分册:  
出版信息: 北京   机械工业出版社  2012
页数: 187页
开本: 24cm
丛书名:
单 册:
中图分类: F273.2
科图分类:
主题词: 品牌--企业管理--质量管理--经验--美国 , 品牌 , 企业管理 , 质量管理
电子资源:
ISBN: 978-7-111-38417-5
000 01021nam0 22003011 450
001 523
005 20140909091953.01
010    @a978-7-111-38417-5@dCNY32.00
100    @a20120706d2012 em y0chiy50 ea
101 0  @achi
102    @aCN@b110000
105    @aa z 000yy
106    @ar
200 1  @a品牌管理实战@APin Pai Guan Li Shi Zhan@dBrand management@f常白,王骊棠编著@FChang Bai, Wang Li Tang Bian Zhu@zeng
210    @a北京@c机械工业出版社@d2012
215    @a187页@c图@d24cm
300    @a向宝洁学习实战系列
330    @a本书作者根据宝洁的实战经验提出了“品牌管理全局风车模型”,包括全景评估、目标顾客、品牌诉求、品牌体验、生意目标与沟通策略五个部分。
510 1  @aBrand management@zeng
606 0  @a品牌@x企业管理@x质量管理@x经验@x美国
606 0  @a品牌
606 0  @a企业管理
606 0  @a质量管理
690    @aF273.2@v5
701  0 @a常白@AChang Bai@c(管理学)@4编著
701  0 @a王骊棠@AWang Li Tang@c(咨询)@4编著
801  0 @aCN@bTANGWEI@c20140603
905    @b0836910-12@dF273.2@e1050@f3
    
    品牌管理实战=Brand management/常白,王骊棠编著.-北京:机械工业出版社,2012
    187页:图;24cm
    向宝洁学习实战系列
    
    ISBN 978-7-111-38417-5:CNY32.00
    本书作者根据宝洁的实战经验提出了“品牌管理全局风车模型”,包括全景评估、目标顾客、品牌诉求、品牌体验、生意目标与沟通策略五个部分。
●
相关链接 在E读中查询图书 在五车中查询图书 在当当中查询图书 在豆瓣中查询图书


正题名:品牌管理实战     索取号:F273.2/1050         预约/预借

序号 登录号 条形码 馆藏地/架位号 状态 备注
1 0836910   208369102   第一样本阅览室/ [索取号:F273.2/1050] 在馆    
2 0836911   208369111   密集书库-海洋学院/ [索取号:F273.2/1050] 在馆    
3 0836912   208369120   第一借阅区/ [索取号:F273.2/1050] 在馆    
唐山师范学院图书馆 欢迎您!
大连网信软件有限公司© 版权所有